Economic benefits of tourism, 1987 (Record no. 508290)

000 -LEADER
fixed length control field 00304nam a22000977a 4500
082 ## - DEWEY DECIMAL CLASSIFICATION NUMBER
Classification number OA6x54 In2/1987
100 ## - MAIN ENTRY--PERSONAL NAME
Personal name India. Intercontinental Consultants and Technocrats Pvt. Limited
9 (RLIN) 3536
245 ## - TITLE STATEMENT
Title Economic benefits of tourism, 1987
260 ## - PUBLICATION, DISTRIBUTION, ETC. (IMPRINT)
Place of publication, distribution, etc Delhi
Name of publisher, distributor, etc Controller of Publications
Date of publication, distribution, etc 1988
300 ## - PHYSICAL DESCRIPTION
Extent 50p.
Holdings
Withdrawn status Lost status Source of classification or shelving scheme Damaged status Koha normalized classification for sorting Not for loan Permanent location Current location Date acquired Full call number Barcode Date last seen Price effective from Koha item type
        OA_6X54_IN2_1987_000000000000000   Indian Institute of Public Administration Indian Institute of Public Administration 2019-03-19 OA6x54 In2/1987 GG33854 2019-03-19 2019-03-19 GG

Powered by Koha